000 00296nam a2200121Ia 4500
008 241002s9999 xx 000 0 und d
082 _a501 RUS
100 _aRussell, Bertrand
245 4 _aThe Impact of Science on Society
260 _aLondon:
_c1968
600 _aNatural Science
942 _cUC
999 _c18646
_d18646